• 首页
  • 本馆介绍
  • 公告通知
  • 最新文献
  • 馆藏检索
  • 电子资源
  • 读者导购
  • 参考咨询
  • 我的图书馆
  • 登录
  • 详细信息显示
  • 放入我的书架
  • 预约/预借图书
  • 作者相关作品
  • 分类相关作品
  • 丛书相关作品
  • 出版社相关作品

书目信息

  • 表格格式
  • 工作单格式
  • 卡片格式
题名:
太阳耀斑
    
 
作者: 胡文瑞 编著
分册:  
出版信息: 北京   科学出版社  1983
页数: 598页
开本: 19cm
丛书名:
单 册:
中图分类: P182.5
科图分类:
主题词: 耀斑
电子资源:
ISBN:
000 00601nam0 2200241 45
001 0183006403
005 20040917154242.3
010    @dCNY2.90
091    @a13031.2211
100    @a19950526d1983 emky0chiy0121 ea
101 0  @achi
102    @aCN@b110000
105    @ay z 000yy
106    @ar
200 10 @a太阳耀斑@Atai yang yao ban@f胡文瑞等编著
210    @a北京@c科学出版社@d1983
215    @a598页@d19cm
606    @a耀斑
690    @aP182.5@v3
701  0 @a胡文瑞@Ahu wen rui@4编著
801  0 @aCN@b上海图书馆@c20040917
801  2 @aCN@bNLC@c20040917
905    @f1@b94072@dP182.5@e14
    
    太阳耀斑/胡文瑞等编著.-北京:科学出版社,1983
    598页;19cm
    
    
    ISBN :CNY2.90
    
●
相关链接 在E读中查询图书 在五车中查询图书 在当当中查询图书 在豆瓣中查询图书


正题名:太阳耀斑     索取号:P182.5/14         预约/预借

序号 登录号 条形码 馆藏地/架位号 状态 备注
1 0094072   001959660   第三借阅区/ [索取号:P182.5/14] 在馆    
2 0094073   202101439   第二样本阅览室/ [索取号:P182.5/14] 在馆    
唐山师范学院图书馆 欢迎您!
大连网信软件有限公司© 版权所有